000 01080cam a2200301 i 4500
001 27277
003 Mx-PuUPA
005 20240429133956.0
008 140415s1965 mx a gr 000 0 spa d
040 _cMx-PuUPA
_aMx-PuUPA
_bspa
_dMx-PuUPA
_erda
041 0 _aspa
110 2 _aReader's Digest México,
_96672
240 1 0 _aObras
_pReader's
_kSelecciones
_lEspañol
245 1 0 _aMaravillas y misterios del mundo animal /
_cReader's Digest ; con introducción de Jean George
246 1 4 _aMaravillas y misterios del reino animal.
264 1 _aMéxico, D. F. :
_bReader's Digest México ;
_c1965
300 _a365 páginas :
_bilustraciones (en color) ;
_c32 cm
336 _2rdacontent
_atexto
_btxt
336 _2armarc
_aimagen fija
_bsti
337 _2rdamedia
_asin medio
_bn
338 _2rdacarrier
_avolumen
_bnc
650 7 _2armarc
_aZoología
700 1 _aGeorge, Jean,
_eautor introductorio
942 _2ddc
_cLI
_h590
_iM298
999 _c27277
_d27277